LEADER 01449nam a2200277 i 4500 001 000000175566 003 CaOOAMICUS 005 20081125000000.0 008 081125s1996 it u000 u ita u 013 $a153047 020 $a88-7928-383-9 040 $aSeMil$bita 100 1 $aSorgia, Raimondo .$0(OLS)http://semarc/name/90199 245 10$aBreviario Savonaroliano :$bgiorno per giorno, la riscoperta di un santo "contestatore" /$cPadre Raimondo Sorgia dei domenicani di S. Marco ; prefazione di Franco Cardini. 260 $aFirenze :$bPonte alle Grazie,$ccopyr. 1996. 300 $a381 p. ;$c21 cm. 600 14$aSavonarola, Girolamo .$0(OLS)http://semarc/subject/1591 650 4$aSavonarola, Girolamo - Opere.$0(OLS)http://semarc/subject/2899 650 4$aSavonarola, Girolamo - Pensiero religioso.$0(OLS)http://semarc/subject/33483 700 1 $aCardini, Franco,$d<1940- >.$0(OLS)http://semarc/name/321 850 $aSeMil 852 $aSeMil$W1$xVenegono$y1$m3G III 257$j126388$B126388$CSeMilBibl$Z2$F138134 $81 961 $aOmaggio: Ravasi mons. Gianfranco 996 $6020$a88-7928-383-9$9(OLS)http://semarc/number/163861 996 $6245$aBreviario Savonaroliano :$bgiorno per giorno, la riscoperta di un santo "contestatore"$9(OLS)http://semarc/title/251830 996 $6260$aFirenze :$bPonte alle Grazie$9(OLS)http://semarc/publisher/32925 LEADER 01000nam a2200229 i 4500 001 000000004473 003 CaOOAMICUS 005 20200303163704.0 008 180830s1780 it u000 u ita u 040 $aSeMil$bita 100 1 $aGenovesi, Antonio,$d<1713-1769>.$0(OLS)http://semarc/name/2811 245 10$aDella diceosina o sia Della filosofia del giusto e dell'onesto dell'abate Antonio Genovesi. Tomo 1. [-3.]. 260 $aIn Venezia :$bPresso Modesto Fenzo,$c1780. 300 $a3 v. ;$c8°. 500 $aFregio xilogr. sui front. - Cors. : gr. ; rom. 700 1 $aFenzo, Modesto,$c.$0(OLS)http://semarc/name/2812 774 0 $tTomo 1.$g1$w()208950 774 0 $tTomo 3.$g3$w()251091 774 0 $tTomo 2.$g2$w()251092 996 $6245$aDella diceosina o sia Della filosofia del giusto e dell'onesto dell'abate Antonio Genovesi. Tomo 1. [-3.]$9(OLS)http://semarc/title/6588 996 $6260$aIn Venezia :$bPresso Modesto Fenzo$9(OLS)http://semarc/publisher/31309